| 000 | 00648nam a22001577a 4500 | ||
|---|---|---|---|
| 008 | 160425b xxu||||| |||| 00| 0 eng d | ||
| 082 |
_22012 _aUT 0355 _bB22 |
||
| 100 |
_96266 _aBanogbanog, Nemieros D. |
||
| 245 |
_aMarketing strategies of networking businesses in Digos City: An assessment on stability/ _cNemieros D. Banogbanog, Albert G. Operiano and Wenie C. Pellerin Jr. |
||
| 260 |
_aDigos City: _bUMDC _cMarch 2012. |
||
| 300 |
_a54 pagees; _c28 cm. |
||
| 650 | 0 |
_96267 _aBusiness Administration _vFinancial Management _xUndergraduate thesis. |
|
| 700 |
_96268 _aOperiano, Nemeiros D. |
||
| 700 |
_96269 _aPelerin, Wenie C. _bJr. |
||
| 942 |
_2ddc _cUT |
||
| 999 |
_c1956 _d1956 |
||